00501nam a2200205 a 4500001001300000003000900013005001700022008004100039020001000080082001500090100001700105245003500122260002900157300000800186500003500194505001000229650001700239650002200256700001700278nice12345678IN_TiNIC20260116011543.0050524s1940 mada grp 000 0 eng  ac10000a275.4bSAR aSargant, N C aDispersion of the Tamil Church aMadrasbSpck Pressc1940 a87p aincludes index and biblioraphy2 aIndex aChurch-India aTamil Nadu-Church1 aSargant, N C